Guess the Fusion Rock Song Lyrics #221 - Statistics

General Stats
  • This quiz has been taken 11 times
  • The average score is 223 of 304
Answer Stats
Answer % Correct
a
100%
I
100%
I'm
100%
all
88%
and
88%
And
88%
be
88%
can't
88%
for
88%
Got
88%
it
88%
it's
88%
love
88%
me
88%
the
88%
Then
88%
This
88%
to
88%
When
88%
you
88%
your
88%
Your
88%
Baby
75%
baby
75%
Cause
75%
feel
75%
have
75%
I'd
75%
If
75%
I've
75%
keep
75%
loving
75%
need
75%
Oh
75%
on
75%
so
75%
without
75%
yeah
75%
you're
75%
Any
63%
been
63%
ever
63%
Four Tops
63%
Has
63%
hear
63%
live
63%
man
63%
rather
63%
say
63%
Some
63%
voice
63%
want
63%
Will
63%
day
50%
hold
50%
know
50%
lately
50%
let
50%
lonely
50%
long
50%
Makes
50%
means
50%
never
50%
night
50%
nights
50%
of
50%
really
50%
see
50%
Things
50%
won't
50%
alive
38%
Although
38%
beg
38%
Darling
38%
darling
38%
having
38%
inside
38%
losing
38%
name
38%
near
38%
Ooh
38%
sleep
38%
tight
38%
emptiness
25%
gotten
25%
half
25%
often
25%
same
25%
weak
25%
Another
13%
another
13%
echo
13%
Empty
13%
loneliness
13%
might
13%
rehearsed
13%
sign
13%
smile
13%
sometimes
13%
weakness
13%
Whoa
13%
wonder
13%
worse
13%
smiling
0%
No matching quizzes found
Score Distribution
Percent of People with Each Score
Percentile by Number Answered
Your Score History
You have not taken this quiz